000 00793nam a22002175i 4500
001 99032
003 ES-MaACL
005 20250806034445.0
007 t|
008 950921s1875 sp ||||1| spa d
100 1 _aGonzález Encinas, Santiago,
_d1836-1887
_9127406
245 1 3 _aLa mujer comparada con el hombre :
_bapuntes filosófico-médicos /
_cG. Encinas.
260 _aMadrid :
_b[s.n.],
_c1875 (
_fImp. de Medina y Navarro)
300 _a150 p. ;
_c17 cm.
500 _aInformación relacionada disponible en Filosofía en español.
650 4 _aMujeres-
_xFisiología.
_9161485
650 7 _aÉtica sexual
_2embne
_912591
852 4 _aES-MaACL
_jD-1607
856 4 _uhttps://www.filosofia.org/hem/187/reu/r0620326.htm
_zFilosofía en español
999 _c99032
_d99032